Jack : (Record no. 1914)
[ view plain ]
| 000 -LEADER | |
|---|---|
| fixed length control field | 00951nam a2200313 a 4500 |
| 001 - CONTROL NUMBER | |
| JCCL Control Number | 1914 |
| 003 - CONTROL NUMBER IDENTIFIER | |
| JCCL marc code | BD-JhCC |
| 005 - DATE AND TIME OF LATEST TRANSACTION | |
| control field | 20171026125610.0 |
| 008 - FIXED-LENGTH DATA ELEMENTS--GENERAL INFORMATION | |
| fixed length control field | 010621s2001 nyua a 001 0beng |
| 020 ## - INTERNATIONAL STANDARD BOOK NUMBER | |
| International Standard Book Number | 0446528382 |
| 035 ## - SYSTEM CONTROL NUMBER | |
| system control number | (BD-JhCC)1914 |
| 040 ## - CATALOGING SOURCE | |
| Original cataloging agency | DLC |
| Transcribing agency | DLC |
| Modifying agency | DLC |
| 041 ## - LANGUAGE CODE | |
| Language code of Book | eng |
| 050 00 - LIBRARY OF CONGRESS CALL NUMBER | |
| Classification number | HD9697.A3 |
| Item number | U584 2001 |
| 082 00 - DEWEY DECIMAL CLASSIFICATION NUMBER | |
| Classification number | 338.7/62138/092 |
| -- | B |
| DDC Edition number | 21 |
| Author mark and Year | WAL 2001 |
| 100 1# - MAIN ENTRY--PERSONAL NAME | |
| Personal name | Welch, Jack, |
| Dates associated with a name | 1935- |
| 245 10 - TITLE STATEMENT | |
| Title | Jack : |
| Remainder of title | straight from the gut / |
| Statement of responsibility, etc | Jack Welch ; with John A. Byrne. |
| 260 ## - PUBLICATION, DISTRIBUTION, ETC. (IMPRINT) | |
| Place of publication, distribution, etc | New York : |
| Name of publisher, distributor, etc | Warner Books, |
| Date of publication, distribution, etc | c2001. |
| 300 ## - PHYSICAL DESCRIPTION | |
| Pagination | xvi, 479 p. : |
| Other physical details | ill. ; |
| Dimensions | 24 cm. |
| 500 ## - GENERAL NOTE | |
| General note | Includes index. |
| 600 10 - SUBJECT ADDED ENTRY--PERSONAL NAME | |
| Personal name | Welch, Jack, |
| Dates associated with a name | 1935- |
| 610 20 - SUBJECT ADDED ENTRY--CORPORATE NAME | |
| Corporate name or jurisdiction name as entry element | General Electric Company |
| 650 #0 - SUBJECT ADDED ENTRY--TOPICAL TERM | |
| Topical term or geographic name as entry element | Chief executive officers |
| Geographic subdivision | United States |
| Form subdivision | Biography. |
| 650 #0 - SUBJECT ADDED ENTRY--TOPICAL TERM | |
| Topical term or geographic name as entry element | Electric industries |
| Geographic subdivision | United States |
| General subdivision | Management. |
| 650 #0 - SUBJECT ADDED ENTRY--TOPICAL TERM | |
| Topical term or geographic name as entry element | Industrial management |
| Geographic subdivision | United States. |
| 700 1# - ADDED ENTRY--PERSONAL NAME | |
| Personal name | Byrne, John A. |
| 942 ## - ADDED ENTRY ELEMENTS (KOHA) | |
| Source of classification or shelving scheme | Dewey Decimal Classification |
| Koha item type | Books |
| Source of classification or shelving scheme | Damaged status | Not for loan | Home library | Current library | Shelving location | Date of accession | Total Checkouts | Full call number | Barcode | Date last seen | Copy number | Koha item type |
|---|---|---|---|---|---|---|---|---|---|---|---|---|
| Dewey Decimal Classification | JCC Rouf Library | JCC Rouf Library | General Stacks | 10/26/2017 | 338.7/62138/092 WAL 2001 | 3460 | 10/26/2017 | C-1 | Books |